• 首页
  • 本馆介绍
  • 公告通知
  • 最新文献
  • 馆藏检索
  • 电子资源
  • 读者导购
  • 参考咨询
  • 我的图书馆
  • 登录
  • 详细信息显示
  • 放入我的书架
  • 预约/预借图书
  • 作者相关作品
  • 分类相关作品
  • 丛书相关作品
  • 出版社相关作品

书目信息

  • 表格格式
  • 工作单格式
  • 卡片格式
题名:
常用晶体二极管、大功率三极管手册
    
 
作者: 李锦春 编
分册:  
出版信息: 北京   人民邮电出版社  1981
页数: 309页
开本: 19cm
丛书名:
单 册:
中图分类: TN31-62
科图分类:
主题词: 半导体二极管
电子资源:
ISBN:
000 00674nam0 2200229 45
001 0181004318
005 20060816085129.59
010    @dCNY1.25@b精装
091    @a15045.2452
100    @a19950704d1981 em y0chiy0121 ea
101 0  @achi
102    @aCN@b110000
105    @ay z 000yy
200 10 @a常用晶体二极管、大功率三极管手册@Achang yong jing ti er ji guan da gong lv san ji guan shou ce@f李锦春编@Fli jin chun bian
210    @a北京@c人民邮电出版社@d1981
215    @a309页@d19cm
606 0  @a半导体二极管
690    @aTN31-62@v3
701  0 @a李锦春@Ali jin chun@4编
801  2 @aCN@bNLC@c20060816
801  0 @aCN@b上海图书馆@c20060814
905    @dTN31-62@e9
    
    常用晶体二极管、大功率三极管手册/李锦春编.-北京:人民邮电出版社,1981
    309页;19cm
    
    
    ISBN (精装):CNY1.25
    
●
相关链接 在E读中查询图书 在五车中查询图书 在当当中查询图书 在豆瓣中查询图书


正题名:常用晶体二极管、大功率三极管手册     索取号:TN31-62/9         预约/预借

序号 登录号 条形码 馆藏地/架位号 状态 备注
1 0420066   204200667   密集书库/ [索取号:TN31-62/9] 在馆    
2 0458626   204586260   密集书库/ [索取号:TN31-62/9] 在馆    
唐山师范学院图书馆 欢迎您!
大连网信软件有限公司© 版权所有